Selections from educational records of the Government of India. (Record no. 60635)

MARC details
000 -LEADER
fixed length control field 00708cam a22002171i 4500
001 - CONTROL NUMBER
control field sa 64008015
003 - CONTROL NUMBER IDENTIFIER
control field DLC
005 - DATE AND TIME OF LATEST TRANSACTION
control field 20260227112051.0
008 - FIXED-LENGTH DATA ELEMENTS--GENERAL INFORMATION
fixed length control field 770608n19609999ii f000 0 eng
010 ## - LIBRARY OF CONGRESS CONTROL NUMBER
LC control number sa 64008015
035 ## - SYSTEM CONTROL NUMBER
System control number (OCoLC)3023938
040 ## - CATALOGING SOURCE
Original cataloging agency DLC
Transcribing agency NNepaSU
Modifying agency OCoLC
-- DLC
042 ## - AUTHENTICATION CODE
Authentication code premarc
050 00 - LIBRARY OF CONGRESS CALL NUMBER
Classification number LA1151
Item number .A28
245 00 - TITLE STATEMENT
Title Selections from educational records of the Government of India.
260 ## - PUBLICATION, DISTRIBUTION, ETC.
Place of publication, distribution, etc. Delhi,
Name of publisher, distributor, etc. Published for the National Archives of India by the Manager of Publications,
Date of publication, distribution, etc. 1960-
300 ## - PHYSICAL DESCRIPTION
Extent v.
Dimensions 25 cm.
505 0# - FORMATTED CONTENTS NOTE
Formatted contents note -- v. 2 Development of university education, 1860-87.
650 #0 - SUBJECT ADDED ENTRY--TOPICAL TERM
Topical term or geographic name entry element Education
Geographic subdivision India.
710 1# - ADDED ENTRY--CORPORATE NAME
Corporate name or jurisdiction name as entry element India (Republic).
Subordinate unit National Archives.

No items available.

Powered by Koha